<?xml version="1.0" encoding="UTF-8"?>
<record
    xmlns:xsi="http://www.w3.org/2001/XMLSchema-instance"
    xsi:schemaLocation="http://www.loc.gov/MARC21/slim http://www.loc.gov/standards/marcxml/schema/MARC21slim.xsd"
    xmlns="http://www.loc.gov/MARC21/slim">

  <leader>03013nam a2200301 i 4500</leader>
  <controlfield tag="001">15638</controlfield>
  <controlfield tag="003">ES-MaACL</controlfield>
  <controlfield tag="005">20251018063038.0</controlfield>
  <controlfield tag="007">t|</controlfield>
  <controlfield tag="008">000407s1999    sp           ||||1| spa d</controlfield>
  <datafield tag="020" ind1=" " ind2=" ">
    <subfield code="a">8433969005</subfield>
  </datafield>
  <datafield tag="040" ind1=" " ind2=" ">
    <subfield code="c">ES-MaACL</subfield>
  </datafield>
  <datafield tag="080" ind1=" " ind2=" ">
    <subfield code="a">821.111(73)-31"19"</subfield>
  </datafield>
  <datafield tag="100" ind1="1" ind2=" ">
    <subfield code="a">Vonnegut, Kurt, </subfield>
    <subfield code="d">1922-2007</subfield>
    <subfield code="9">242361</subfield>
    <subfield code="e">aut</subfield>
  </datafield>
  <datafield tag="245" ind1="1" ind2="3">
    <subfield code="a">El desayuno de los campeones / </subfield>
    <subfield code="c">Kurt Vonnegut ; traducci&#xF3;n de Cecilia Ceriani y Txaro Santoro ; con dibujos del autor.</subfield>
  </datafield>
  <datafield tag="260" ind1=" " ind2=" ">
    <subfield code="a">Barcelona : </subfield>
    <subfield code="b">Anagrama, </subfield>
    <subfield code="c">[1999]</subfield>
  </datafield>
  <datafield tag="300" ind1=" " ind2=" ">
    <subfield code="a">268 p&#xE1;ginas :</subfield>
    <subfield code="b">ilustrado ; </subfield>
    <subfield code="c">22 cm.</subfield>
  </datafield>
  <datafield tag="490" ind1="1" ind2=" ">
    <subfield code="a">Panorama de narrativas ; </subfield>
    <subfield code="v">440</subfield>
  </datafield>
  <datafield tag="520" ind1=" " ind2=" ">
    <subfield code="a">Philboyd Studge, un autor de novelas de humor muy negro y decididamente molestas para los bienpensantes, decide a sus cincuenta a&#xF1;os de vida escribir su obra definitiva, en la que aparezcan todos los personajes e historias que han quedado flotando como desechos de sus otros libros, todas las ideas que no aprovech&#xF3;, todos sus recuerdos y hasta sus dibujos. Y Studge, que hace y deshace en su libro como si fuera Dios jugando con el universo, construye a partir del providencial encuentro entre su personaje favorito, Kilgore Trout, desconocido y cincuent&#xF3;n escritor de novelas de ficci&#xF3;n cient&#xED;fica, y Dwayne Hoover, un acaudalado vendedor de coches que descubre en un libro de Trout un &#xAB;mensaje&#xBB; que cree que est&#xE1; destinado s&#xF3;lo a &#xE9;l, una obra total donde cabe todo su ca&#xF3;tico universo real e imaginario. Y as&#xED;, en una novela ficticia que se despliega dentro de una novela real como una sucesi&#xF3;n de mu&#xF1;ecas rusas, o de cajas chinas, encontraremos los divertid&#xED;simos res&#xFA;menes de los libros publicados e in&#xE9;ditos del escritor Kilgore Trout, las venturas y desventuras familiares de Dwayne, el demente vendedor de coches cuya mujer se suicid&#xF3; bebiendo un desatascador de tuber&#xED;as y que tiene un hijo homosexual y pianista que no es precisamente su descendiente so&#xF1;ado, y tambi&#xE9;n una mir&#xED;ada de sorprendentes personajes secundarios, algunos de los cuales ya han aparecido en otras novelas de Vonnegut, y otros que, como el inefable pintor Rabo Karabekian de Barbazul, retornar&#xE1;n como protagonistas a&#xF1;os y libros m&#xE1;s tarde... Con "El Desayuno de los Campeones", Vonnegut ha escrito una de las grandes novelas de los a&#xF1;os setenta. Los cr&#xED;ticos han comparado esta exhuberante y divertid&#xED;sima farsa sobre los mecanismos de la creaci&#xF3;n y la aventura de la vida con las obras de Lewis Carroll, y han visto en el ingenuo y a la vez sabio Kilgore Trout una peculiar y original versi&#xF3;n de Alicia, trasplantada a la tremenda e inolvidable Am&#xE9;rica de las Maravillas vonnegutiana.</subfield>
  </datafield>
  <datafield tag="655" ind1=" " ind2="7">
    <subfield code="2">tgfbne</subfield>
    <subfield code="9">176428</subfield>
    <subfield code="a">Novelas de humor</subfield>
  </datafield>
  <datafield tag="700" ind1="1" ind2=" ">
    <subfield code="a">Ceriani, Cecilia</subfield>
    <subfield code="9">37519</subfield>
    <subfield code="e">trl</subfield>
  </datafield>
  <datafield tag="700" ind1="1" ind2=" ">
    <subfield code="a">Santoro, Txaro</subfield>
    <subfield code="9">103461</subfield>
    <subfield code="e">trl</subfield>
  </datafield>
  <datafield tag="830" ind1="0" ind2="0">
    <subfield code="a">Panorama de narrativas</subfield>
    <subfield code="v">440</subfield>
    <subfield code="9">123642</subfield>
  </datafield>
  <datafield tag="852" ind1=" " ind2=" ">
    <subfield code="a">ES-MaACL</subfield>
    <subfield code="j">L-22698 </subfield>
    <subfield code="b">R.128208</subfield>
    <subfield code="9">16003</subfield>
    <subfield code="c">DEPO2</subfield>
  </datafield>
  <datafield tag="942" ind1=" " ind2=" ">
    <subfield code="c">MONOGRAFIA</subfield>
    <subfield code="n">0</subfield>
  </datafield>
  <datafield tag="999" ind1=" " ind2=" ">
    <subfield code="c">15638</subfield>
    <subfield code="d">15638</subfield>
  </datafield>
  <datafield tag="952" ind1=" " ind2=" ">
    <subfield code="0">0</subfield>
    <subfield code="1">0</subfield>
    <subfield code="4">0</subfield>
    <subfield code="7">0</subfield>
    <subfield code="a">ATENEOM</subfield>
    <subfield code="b">ATENEOM</subfield>
    <subfield code="c">DEPO2</subfield>
    <subfield code="d">2008-01-17</subfield>
    <subfield code="e">SC</subfield>
    <subfield code="l">0</subfield>
    <subfield code="o">L-22698</subfield>
    <subfield code="p">1015897</subfield>
    <subfield code="r">2023-02-23 00:00:00</subfield>
    <subfield code="w">2023-02-23</subfield>
    <subfield code="y">MONOGRAFIA</subfield>
  </datafield>
</record>
